Παραδοσιακές συνταγές Κυκλάδων

Saved in:
Bibliographic Details
Corporate Author: 1ο Τεχνικό Επαγγελματικό Εκπαιδευτήριο Σύρου. Β' Τάξη
Format: Book
Language:Greek
Published: [Χ.τ.] : [χ.ό.], 2001.
Subjects:
Tags: Add Tag
No Tags, Be the first to tag this record!

MARC

LEADER 00000cam a2200000 i 4500
001 1/7172
008 100504s gre d
035 |l 10107768 
040 |a GR-MY-UA  |b gre  |e aacr 
041 0 |a gre 
082 0 |a 641.5949585   |2 (22)  
245 1 0 |a Παραδοσιακές συνταγές Κυκλάδων /   |c Β' τάξη 1ου Τεχνικού Επαγγελματικού Εκπαιδευτηρίου Σύρου.  
260 |a [Χ.τ.] :   |b [χ.ό.],   |c 2001.  
300 |a 48 σ.   |b εικ. 
500 |a Έκδοση του Συλλόγου Γονέων και Κηδεμόνων 1ου Τεχνικού Επαγγελματικού Εκπαιδευτηρίου Σύρου. 
650 0 0 |a Cookery  |z Greece  |z Cyclades. 
650 0 0 |a Cookery, Greek. 
710 2 |a 1ο Τεχνικό Επαγγελματικό Εκπαιδευτήριο Σύρου.   |b Β' Τάξη. 
852 |a INST  |b SYROS  |c KYK  |e 20100506  |h 641.5949585 ΠΑΡ  |p 005500007679  |q 005500007679  |t BK  |y 0 
901 |a BIBL5-2010-2 
970 |a Κοντού  |b Παρασκευή  |z 04/05/2010